Visualizzazione normale
Vista MARC
- Anonimo
di Personal Name
Records bibliografici associati: 1
001 - CONTROL NUMBER
- control field: 54114
003 - CONTROL NUMBER IDENTIFIER
- control field: IT-RoPau
005 - DATE AND TIME OF LATEST TRANSACTION
- control field: 20151203162817.0
008 - FIXED-LENGTH DATA ELEMENTS
- fixed length control field: 151203|| aca||aabn | a|a d
040 ## - CATALOGING SOURCE
- Original cataloging agency: IT-RoPau
- Transcribing agency: IT-RoPau
100 ## - HEADING--PERSONAL NAME
- Personal name: Anonimo
- Miscellaneous information: Codice regista SPICS: 2620
670 ## - SOURCE DATA FOUND
- Source citation: Work cat.: (IT-RoPau)107958: Anonimo Codice regista SPICS: 2620, CIAK SI GIRA CIAK SI GIRA (Rif. Codice opera principale : 79220)